| 000 | 00862cam a22002177i 4500 | ||
|---|---|---|---|
| 999 |
_c12610 _d12610 |
||
| 003 | OSt | ||
| 005 | 20240418131202.0 | ||
| 008 | 231003s2016 xxka 001 0 eng | ||
| 020 | _a9781118982426 | ||
| 082 |
_a690.0285 _bHOL |
||
| 100 | 1 |
_aHolzer, Dominik, _eauthor. |
|
| 245 | 1 | 4 |
_aThe BIM manager's handbook _bGuidance for professionals in architecture, engineering, and construction / _cDominik Holzer. |
| 300 |
_aix, 214 pages ; _billustrations (color) ; _c26 cm |
||
| 500 | _aIncludes index. | ||
| 650 | 0 |
_aBuilding information modeling _vHandbooks, manuals, etc. |
|
| 650 | 0 |
_aBuilding _xComputer simulation _vHandbooks, manuals, etc. |
|
| 650 | 0 |
_aBuilding management _xData processing _vHandbooks, manuals, etc. |
|
| 650 | 0 |
_aArchitectural practice _vHandbooks, manuals, etc. |
|
| 650 | 0 |
_aArchitects and builders _vHandbooks, manuals, etc. |
|
| 942 | _2ddc | ||